Central Library OPAC University of Rajshahi

From thought to theme : (Record no. 7955)

MARC details
000 -LEADER
fixed length control field 00969cam a2200301 a 4500
001 - CONTROL NUMBER
control field 7955
003 - CONTROL NUMBER IDENTIFIER
rucl marc code BD-RjUL
005 - DATE AND TIME OF LATEST TRANSACTION
control field 20211208234512.0
008 - FIXED-LENGTH DATA ELEMENTS--GENERAL INFORMATION
fixed length control field 830418r19831965nyua b 001 0 eng
020 ## - INTERNATIONAL STANDARD BOOK NUMBER
International Standard Book Number 015529217X (pbk.)
035 ## - SYSTEM CONTROL NUMBER
System control number (BD-RjUL)7999
040 ## - CATALOGING SOURCE
Original cataloging agency DLC
Transcribing agency DLC
Modifying agency DLC
Language of cataloging eng
041 ## - LANGUAGE CODE
Language code of text/sound track or separate title eng
082 00 - DEWEY DECIMAL CLASSIFICATION NUMBER
Classification number 808.0427
Edition number 19
Author mark and year SMF 1983
100 1# - MAIN ENTRY--PERSONAL NAME
Personal name Smith, William Frank.
9 (RLIN) 24825
245 10 - TITLE STATEMENT
Title From thought to theme :
Remainder of title a rhetoric and reader for college English /
Statement of responsibility, etc. William F. Smith, Raymond D. Liedlich.
250 ## - EDITION STATEMENT
Edition statement 7th ed.
260 ## - PUBLICATION, DISTRIBUTION, ETC. (IMPRINT)
Place of publication, distribution, etc. New York :
Name of publisher, distributor, etc. Harcourt Brace Jovanovich,
Date of publication, distribution, etc. c1983.
300 ## - PHYSICAL DESCRIPTION
Pagination xi, 439 p. :
Illustrations ill. ;
Size 24 cm.
504 ## - BIBLIOGRAPHY, ETC. NOTE
Bibliography, etc Includes bibliographical references and indexes.
650 #0 - SUBJECT ADDED ENTRY--TOPICAL TERM
Topical term or geographic name as entry element English language
General subdivision Rhetoric.
9 (RLIN) 24826
Topical term or geographic name as entry element Academic writing.
9 (RLIN) 1514
Topical term or geographic name as entry element College readers.
9 (RLIN) 19951
700 1# - ADDED ENTRY--PERSONAL NAME
Personal name Liedlich, Raymond D., Jt. auth.
942 ## - ADDED ENTRY ELEMENTS (KOHA)
Source of classification or shelving scheme Dewey Decimal Classification
Koha item type Books
Holdings
Lost status Source of classification or shelving scheme Damaged status Not for loan Collection code Permanent Location Current Location Shelving location Date acquired Source of acquisition Total Checkouts Full call number Date last seen Copy number Koha item type
  Dewey Decimal Classification   Added to bundle Non-fiction Central Library, University of Rajshahi Central Library, University of Rajshahi Reading Room 06/07/1987 Asia Foundation   808.0427 SMF 1983 16/01/2014 C-1 Books
  Dewey Decimal Classification     Non-fiction Central Library, University of Rajshahi Central Library, University of Rajshahi   18/01/1988 Asin Foundation   808.0427 SMF 1983 21/06/2016 C-2 Books
  Dewey Decimal Classification     Non-fiction Central Library, University of Rajshahi Central Library, University of Rajshahi   18/01/1988 Asin Foundation   808.0427 SMF 1983 21/06/2016 C-3 Books